Tubuh manusia : Pengetahuan asas untuk mengenali tubuh anda

Bibliographic Details
Main Author: Azizah Ismail
Format: Book
Published: Selangor : Golden Books Centre Sdn.Bhd , 2006
Subjects:

MARC

LEADER 00000cam a2200000 7i4500
001 0000063762
005 20160612.0
008 160612
020 |a 9837204176 
090 0 0 |a 612.01426   |b AZI 
100 0 |a Azizah Ismail 
245 1 0 |a Tubuh manusia :   |b Pengetahuan asas untuk mengenali tubuh anda   |c Azizah Ismail 
260 |a Selangor :   |b Golden Books Centre Sdn.Bhd ,   |c 2006 
300 |a 61p. :   |b col.ill 
650 0 |a Body, Human 
999 |a 0000922032   |b Book   |c Adult Collection   |e Cawangan Bukit Gambir 
999 |a 0000933654   |b Book   |c Adult Collection   |e Cawangan Tangkak 
999 |a 0000933655   |b Book   |c Adult Collection   |e Cawangan Tangkak 
999 |a 0000933656   |b Book   |c Adult Collection   |e Cawangan Tangkak 
999 |a 000922033   |b Book   |c Adult Collection   |e Cawangan Bukit Gambir